[Event "Mumbai Chess Capital op"]
[Site "Mumbai"]
[Date "2019.06.30"]
[Round "4"]
[White "Gopal, Rathod"]
[Black "Kiranpal, Singh Mahajan"]
[Result "1/2-1/2"]
[WhiteElo "1848"]
[BlackElo "1767"]
[PlyCount "45"]
[EventDate "2019.06.29"]
[EventType "swiss"]
[EventRounds "7"]
[EventCountry "IND"]
[SourceTitle "CBM 191 Extra"]
[Source "ChessBase"]
[SourceDate "2019.09.30"]
[SourceVersion "1"]
[SourceVersionDate "2019.09.30"]
[SourceQuality "1"]

1. e4 c5 2. Nf3 Nc6 3. Bb5 g6 4. 0-0 Bg7 5. d3 Qc7 6. Nbd2 a6 7. Bxc6 dxc6 8. a4 a5 9. Nc4 Be6 10. Ng5 Bxc4 11. dxc4 h6 12. Nf3 Nf6 13. Qe2 Nd7 14. Rd1 0-0-0 15. c3 Ne5 16. Be3 b6 17. Bf4 g5 18. Bg3 Rxd1+ 19. Rxd1 Rd8 20. Rb1 Nxf3+ 21. Qxf3 Qd7 22. e5 g4 23. Qe2 1/2-1/2

[Event "Mumbai Chess Capital op"]
[Site "Mumbai"]
[Date "2019.06.30"]
[Round "6"]
[White "Mishra, Sanjeev"]
[Black "Gopal, Rathod"]
[Result "1-0"]
[WhiteElo "1663"]
[BlackElo "1848"]
[PlyCount "61"]
[EventDate "2019.06.29"]
[EventType "swiss"]
[EventRounds "7"]
[EventCountry "IND"]
[SourceTitle "CBM 191 Extra"]
[Source "ChessBase"]
[SourceDate "2019.09.30"]
[SourceVersion "1"]
[SourceVersionDate "2019.09.30"]
[SourceQuality "1"]

1. d4 g6 2. Nf3 Bg7 3. e4 c5 4. Nc3 cxd4 5. Nxd4 Nc6 6. Be3 Qa5 7. Qd2 Nf6 8. Nb3 Qd8 9. Be2 d6 10. 0-0 0-0 11. f4 Bg4 12. Rad1 Qc8 13. Kh1 a6 14. f5 Ne5 15. Bd4 b5 16. Bxg4 Nfxg4 17. Nd5 Qd8 18. Bb6 Qd7 19. Qf4 Nf6 20. Qxe5 Nxd5 21. Qxd5 Bxb2 22. fxg6 hxg6 23. Rxf7 Rxf7 24. Qxa8+ Kg7 25. Qd5 Qg4 26. Bd4+ Bxd4 27. Qxd4+ e5 28. Qxd6 Qxe4 29. Nc5 Qe2 30. Qd3 Qf2 31. Ne6+ 1-0